Κατάλογος Βιβλιοθηκών Mediterranean College

Owasp's 2013 Top 10 Web Threats/A Review, Prevention and Detection Techniques (Record no. 8705)

MARC details
000 -LEADER
fixed length control field 01115cam a22001814a 4500
005 - ΗΜΕΡΟΜΗΝΙΑ ΚΑΙ ΩΡΑ ΤΕΛΕΥΤΑΙΑΣ ΕΝΗΜΕΡΩΣΗΣ
Πεδίο ελέγχου 20250605164344.0
008 - FIXED-LENGTH DATA ELEMENTS--GENERAL INFORMATION
Πεδίο ελέγχου σταθερού μήκους 250528s ||||||||||||||||||||||||d
035 ## - SYSTEM CONTROL NUMBER
System control number 23768
040 ## - ΠΗΓΗ ΚΑΤΑΛΟΓΟΓΡΑΦΗΣΗΣ
Φορέας πρωτότυπης καταλογογράφησης MC Athens Campus Library
Γλώσσα καταλογογράφησης Ελληνικά, Μοντέρνα (1453-)
Modifying agency MC Athens Campus Library
Κανόνες περιγραφικής καταλογογράφησης AACR2
245 1# - ΤΙΤΛΟΣ ΚΑΙ ΔΗΛΩΣΗ ΥΠΕΥΘΥΝΟΤΗΤΑΣ
Τίτλος Owasp's 2013 Top 10 Web Threats/A Review, Prevention and Detection Techniques
260 ## - PUBLICATION, DISTRIBUTION, ETC.
Date of publication, distribution, etc. 2016
300 ## - PHYSICAL DESCRIPTION
Extent 97
520 ## - SUMMARY, ETC.
Summary, etc. Summary, Table of Contents, Introduction, Definition of Web Threats and Classes of Attacks, Web Threats Delivery Methods, Benefits for Cyber Criminals, Damages Caused by Web Threats, The Importance of Dealing with Web Threats, A1 Injection, A2 Broken Authentication and Session Management, A3 Cross-Site Scripting (XSS), A4 Insecure Direct Object References, A5 Security Misconfiguration, A6 Sensitive Data Exposure, A7 Missing Function Level Access Control, A8 Cross-Site Request Forgery (CSRF), A9 Using Components with Known Vulnerabilities, A10 Unvalidated Redirects and Forwards, Detection and Prevention Techniques, Conclusions, References.
700 1# - ΠΡΟΣΘΕΤΗ ΑΝΑΓΡΑΦΗ--ΦΥΣΙΚΟ ΠΡΟΣΩΠΟ
Personal name Birmpeli-Tavalion Zoi
9 (RLIN) 9301
942 ## - ADDED ENTRY ELEMENTS (KOHA)
Koha item type Διπλωματική εργασία
Holdings
Τύπος τεκμηρίου Βιβλιοθήκη Τρέχουσα τοποθεσία Barcode Ημερομηνία απόκτησης Ταξιθετικό σύμβολο Αριθμός αντιτύπου Κατάσταση απόσυρσης Κατάσταση χαμένου Κατάσταση κατεστραμμένου Μη δανεισμός Σύνολο δανεισμών Ημερομηνία τελευταίας εμφάνισης Η τιμή ισχύει από
Διπλωματική εργασία MC Athens Campus Library MC Athens Campus Library 9780000087041 05/06/2025 COMP 2016 (28) 1           05/06/2025 05/06/2025

MC Athens Campus Library
Πατησίων 94 & Κοδριγκτώνος 13, 104 34
Πελλήνης 8 & Πατησίων 107, 112 51
Τ: +30 210 8899600

MC Thessaloniki Campus Library
Ίωνος Δραγούμη 21, 54625 | Ίωνος Δραγούμη 15, 54625
Τ: +30 2310 287779 – Τ: +30 2314 440300